Green Day songs without the title - Statistics

General Stats
  • This quiz has been taken 49 times
    45 since last reset
  • The average score is 22 of 67
Answer Stats
Album Song % Correct
American Idiot Homecoming
74%
Dookie Basket Case
71%
Nimrod Good Riddance
68%
American Idiot Letterbomb
68%
Dookie Longview
68%
Insomniac Brain Stew
59%
Dookie Pulling Teeth
56%
Dookie Burnout
50%
1,039/Smoothed Out Slappy Hours At the Library
47%
Saviors Bobby Sox
47%
Insomniac Jaded
47%
American Idiot Are We the Waiting
44%
21st Century Breakdown East Jesus Nowhere
44%
American Idiot (Bonus Track) Governator
44%
Dookie Having a Blast
44%
Nimrod Last Ride In
44%
Insomniac Brat
41%
1,039/Smoothed Out Slappy Hours Green Day
41%
21st Century Breakdown Last Night on Earth
41%
Saviors One Eyed Bastard
41%
Nimrod Platypus
41%
Insomniac Stuck With Me
41%
Insomniac Armatage Shanks
38%
Insomniac Bab's Uvula Who?
38%
Saviors Corvette Summer
38%
Saviors Fancy Sauce
38%
Warning Jackass
38%
Nimrod Prosthetic Head
38%
21st Century Breakdown Restless Heart Syndrome
38%
Dookie Sassafras Roots
38%
Insomniac Panic Song
35%
Dookie Emenius Sleepus
32%
Warning Fashion Victim
32%
1,039/Smoothed Out Slappy Hours Paper Lanterns
32%
Saviors Suzie Chapstick
32%
Revolution Radio Forever Now
29%
Kerplunk Who Wrote Holden Caulfield?
29%
1,039/Smoothed Out Slappy Hours 16
26%
Kerplunk Android
26%
1,039/Smoothed Out Slappy Hours Dry Ice
26%
Father Of All... Father Of All...
26%
1,039/Smoothed Out Slappy Hours Going to Pasalacqua
26%
iDOS! Lazy Bones
26%
International Superhits Poprocks & Coke
26%
iUNO! Rusty James
26%
iDOS! Stop When the Red Lights Flash
26%
Father Of All... Sugar Youth
26%
iTRÉ! Dirty Rotten Bastards
24%
Dookie (Outtake) J.A.R
24%
Kerplunk One for the Razorbacks
24%
American Idiot (Demo) Radio Baghdad
24%
Kerplunk Strangeland
24%
American Idiot (Demo) Cluster Bomb
21%
Shenanigans Espionage
21%
1,039/Smoothed Out Slappy Hours 409 in Your Coffeemaker
18%
Kerplunk Private Ale
18%
1,039/Smoothed Out Slappy Hours The Judge's Daughter
18%
iDOS! Wow! That's Loud
18%
Nimrod (Demo) Tre Polka
15%
Shenanigans Do Da Da
12%
1,039/Smoothed Out Slappy Hours Knowledge
12%
1,039/Smoothed Out Slappy Hours Road to Acceptance
12%
No Fun Mondays Corpus Christi
9%
21st Century Breakdown ¿Viva la Gloria?
9%
None (Single) Holy Toledo!
6%
None (Single) Pollyana
6%
Shenanigans D.U.I
3%
No matching quizzes found
Score Distribution
Percent of People with Each Score
Percentile by Number Answered
Your Score History
You have not taken this quiz since the last reset